[Event "male"]
[Site "?"]
[Date "2016.02.18"]
[Round "8.1"]
[White "Askerov, Marat"]
[Black "Shubin, Kirill"]
[Result "1-0"]
[LiveChessVersion "1.4.2"]
[BlackElo "2219"]
[WhiteElo "2281"]

1. d4 {[%clk 1:30:56]} Nf6 {[%clk 1:30:57]} 2. c4 {[%clk 1:31:20]} e6
{[%clk 1:31:23]} 3. Nf3 {[%clk 1:31:43]} c5 {[%clk 1:31:50]} 4. d5
{[%clk 1:32:05]} b5 {[%clk 1:32:18]} 5. dxe6 {[%clk 1:32:14]} fxe6
{[%clk 1:32:43]} 6. cxb5 {[%clk 1:32:35]} d5 {[%clk 1:33:11]} 7. e3
{[%clk 1:31:48]} Bd6 {[%clk 1:32:23]} 8. Nbd2 {[%clk 1:31:30]} O-O
{[%clk 1:32:16]} 9. b3 {[%clk 1:31:55]} Bb7 {[%clk 1:32:26]} 10. Bb2
{[%clk 1:32:18]} Nbd7 {[%clk 1:32:45]} 11. Be2 {[%clk 1:32:42]} Qe7
{[%clk 1:31:30]} 12. Qc2 {[%clk 1:26:26]} Rac8 {[%clk 1:30:44]} 13. O-O
{[%clk 1:26:07]} e5 {[%clk 1:13:55]} 14. e4 {[%clk 1:26:13]} d4 {[%clk 1:14:21]}
15. Ne1 {[%clk 1:18:47]} Kh8 {[%clk 1:09:54]} 16. a4 {[%clk 1:17:46]} Qf7
{[%clk 1:08:06]} 17. f3 {[%clk 1:16:54]} Nh5 {[%clk 1:07:04]} 18. Nc4
{[%clk 1:16:49]} Be7 {[%clk 1:05:36]} 19. Nd3 {[%clk 1:16:28]} Qe6
{[%clk 1:03:05]} 20. g3 {[%clk 1:02:56]} Rf6 {[%clk 0:51:51]} 21. Kg2
{[%clk 0:42:49]} Rg6 {[%clk 0:50:22]} 22. Na5 {[%clk 0:39:10]} Ba8
{[%clk 0:50:34]} 23. Nf2 {[%clk 0:30:15]} Nf4+ {[%clk 0:36:23]} 24. Kh1
{[%clk 0:30:26]} Nxe2 {[%clk 0:36:39]} 25. Qxe2 {[%clk 0:30:44]} Nf6
{[%clk 0:36:10]} 26. Qc4 {[%clk 0:27:45]} Qb6 {[%clk 0:35:21]} 27. b4
{[%clk 0:23:13]} Nh5 {[%clk 0:32:12]} 28. Qf7 Qc7 {[%clk 0:24:44]} 29. Rac1
{[%clk 0:17:26]} Rf8 {[%clk 0:23:55]} 30. Qb3 {[%clk 0:13:52]} Qb6
{[%clk 0:19:21]} 31. Nc6 {[%clk 0:05:32]} Bxc6 {[%clk 0:18:33]} 32. bxc6
{[%clk 0:06:01]} Qxc6 {[%clk 0:18:19]} 33. b5 {[%clk 0:05:57]} Qd6
{[%clk 0:16:55]} 34. Ng4 {[%clk 0:05:30]} Bg5 {[%clk 0:16:00]} 35. Rcd1
{[%clk 0:03:33]} Be7 {[%clk 0:14:35]} 36. Ba3 {[%clk 0:03:17]} Qd7
{[%clk 0:14:32]} 37. Kg2 {[%clk 0:02:02]} Rxg4 {[%clk 0:13:49]} 38. fxg4
{[%clk 0:02:01]} Qxg4 {[%clk 0:13:56]} 39. Rxf8+ {[%clk 0:02:05]} Bxf8
{[%clk 0:14:25]} 40. Qf3 {[%clk 0:31:46]} Nf4+ {[%clk 0:44:48]} 41. Kf2
{[%clk 0:32:11]} Nh3+ {[%clk 0:44:17]} 42. Kg2 {[%clk 0:28:52]} Qxf3+
{[%clk 0:42:44]} 43. Kxf3 {[%clk 0:29:21]} Ng5+ {[%clk 0:43:03]} 44. Kg2
{[%clk 0:11:26]} Nxe4 {[%clk 0:42:06]} 45. Re1 {[%clk 0:11:39]} Nc3
{[%clk 0:42:09]} 46. Rxe5 {[%clk 0:11:53]} Nxa4 {[%clk 0:42:37]} 47. Re8
{[%clk 0:12:04]} Kg8 {[%clk 0:43:05]} 48. Ra8 {[%clk 0:12:22]} g5
{[%clk 0:42:39]} 49. Rxa7 {[%clk 0:11:46]} Nb6 {[%clk 0:41:30]} 50. Kf2
{[%clk 0:10:37]} d3 {[%clk 0:41:37]} 51. Ra6 {[%clk 0:08:43]} c4 {[%clk 0:32:23]}
52. Bxf8 {[%clk 0:08:31]} c3 {[%clk 0:32:46]} 53. Bb4 {[%clk 0:08:10]} d2
{[%clk 0:32:20]} 54. Ke2 {[%clk 0:08:18]} Nd5 {[%clk 0:32:30]} 55. Bxc3
{[%clk 0:08:41]} 1-0

[Event "male"]
[Site "?"]
[Date "2016.02.18"]
[Round "8.2"]
[White "Timerkhanov, Alexander"]
[Black "Saveliev, Alexei"]
[Result "0-1"]
[LiveChessVersion "1.4.2"]
[BlackElo "2328"]
[WhiteElo "2251"]

1. d4 {[%clk 1:30:57]} d6 {[%clk 1:30:57]} 2. Nf3 {[%clk 1:31:11]} Nf6
{[%clk 1:30:57]} 3. Bg5 {[%clk 1:31:27]} Nbd7 {[%clk 1:31:12]} 4. Nbd2
{[%clk 1:31:43]} c5 {[%clk 1:30:34]} 5. e3 {[%clk 1:31:28]} cxd4 {[%clk 1:30:25]}
6. exd4 {[%clk 1:31:53]} g6 {[%clk 1:30:52]} 7. Bd3 {[%clk 1:31:26]} Bg7
{[%clk 1:31:17]} 8. O-O {[%clk 1:31:42]} O-O {[%clk 1:31:44]} 9. Re1
{[%clk 1:30:30]} Re8 {[%clk 1:32:04]} 10. c3 {[%clk 1:28:28]} Qc7
{[%clk 1:27:59]} 11. h3 {[%clk 1:22:03]} Nf8 {[%clk 1:25:48]} 12. Ne4
{[%clk 1:12:57]} Nxe4 {[%clk 1:22:11]} 13. Bxe4 {[%clk 1:13:17]} e5
{[%clk 1:20:27]} 14. Qb3 {[%clk 1:11:19]} Rb8 {[%clk 1:17:28]} 15. Bd5
{[%clk 1:08:25]} Be6 {[%clk 1:12:22]} 16. Be3 {[%clk 1:06:17]} Bxd5
{[%clk 1:07:12]} 17. Qxd5 {[%clk 1:05:50]} Rbd8 {[%clk 1:03:47]} 18. Ng5
{[%clk 1:01:13]} h6 {[%clk 0:59:48]} 19. Ne4 {[%clk 1:00:32]} Kh7
{[%clk 0:57:21]} 20. dxe5 {[%clk 0:55:52]} dxe5 {[%clk 0:49:13]} 21. Qc5
{[%clk 0:55:28]} Qxc5 {[%clk 0:44:04]} 22. Bxc5 {[%clk 0:56:22]} b6
{[%clk 0:33:36]} 23. Ba3 {[%clk 0:54:30]} f5 {[%clk 0:23:58]} 24. Nd6
{[%clk 0:54:25]} Re6 {[%clk 0:24:25]} 25. Rad1 {[%clk 0:53:28]} Kg8
{[%clk 0:18:28]} 26. Nb5 {[%clk 0:52:31]} Rxd1 {[%clk 0:18:15]} 27. Rxd1
{[%clk 0:53:00]} a5 {[%clk 0:18:37]} 28. Rd8 {[%clk 0:51:37]} e4 {[%clk 0:17:06]}
29. Rb8 {[%clk 0:39:54]} e3 {[%clk 0:10:49]} 30. fxe3 {[%clk 0:39:55]} Rxe3
{[%clk 0:09:50]} 31. Rxb6 {[%clk 0:40:11]} Ne6 {[%clk 0:07:16]} 32. Kf2
{[%clk 0:38:30]} f4 {[%clk 0:06:32]} 33. Nd6 {[%clk 0:38:43]} Bf6
{[%clk 0:05:24]} 34. g3 {[%clk 0:38:17]} Re5 {[%clk 0:01:49]} 35. Rb8+
{[%clk 0:36:28]} Kh7 {[%clk 0:02:08]} 36. Rb7+ {[%clk 0:36:25]} Kg8
{[%clk 0:02:09]} 37. Nc4 {[%clk 0:11:28]} fxg3+ {[%clk 0:02:23]} 38. Kxg3
{[%clk 0:11:48]} Rg5+ {[%clk 0:02:29]} 39. Kf3 {[%clk 0:10:17]} Rf5+
{[%clk 0:02:48]} 40. Ke3 {[%clk 0:40:34]} Rh5 {[%clk 0:31:18]} 41. Bd6
{[%clk 0:36:35]} Rxh3+ {[%clk 0:28:41]} 42. Ke4 {[%clk 0:36:23]} Ng5+
{[%clk 0:27:35]} 43. Kd5 {[%clk 0:36:23]} Rd3+ {[%clk 0:27:53]} 44. Kc6
{[%clk 0:36:28]} Nf7 {[%clk 0:28:06]} 45. Be7 {[%clk 0:35:16]} Rf3
{[%clk 0:23:38]} 46. Bxf6 {[%clk 0:17:46]} Rxf6+ {[%clk 0:24:07]} 47. Kc5
{[%clk 0:17:59]} h5 {[%clk 0:21:11]} 48. b4 {[%clk 0:17:06]} axb4
{[%clk 0:20:20]} 49. Rxb4 {[%clk 0:17:13]} h4 {[%clk 0:19:50]} 50. a4
{[%clk 0:17:19]} h3 {[%clk 0:19:13]} 51. a5 {[%clk 0:17:39]} g5 {[%clk 0:15:36]}
52. Ne3 {[%clk 0:16:56]} Ne5 {[%clk 0:12:53]} 53. Kd5 {[%clk 0:16:34]} Nf3
{[%clk 0:08:52]} 54. Ng4 {[%clk 0:16:26]} Rf5+ {[%clk 0:08:41]} 55. Ke4
{[%clk 0:14:17]} Rf4+ {[%clk 0:08:14]} 56. Ke3 {[%clk 0:14:42]} Rxg4
{[%clk 0:08:29]} 57. a6 {[%clk 0:15:05]} Rxb4 {[%clk 0:06:38]} 58. cxb4
{[%clk 0:15:34]} Ne5 {[%clk 0:06:43]} 0-1

[Event "male"]
[Site "?"]
[Date "2016.02.18"]
[Round "8.3"]
[White "Schekachikhin, Maksim"]
[Black "Borisovsky, Dmitry"]
[Result "1/2-1/2"]
[LiveChessVersion "1.4.2"]
[BlackElo "2197"]
[WhiteElo "2300"]

1. d4 {[%clk 1:28:00]} Nf6 {[%clk 1:30:55]} 2. c4 {[%clk 1:28:20]} g6
{[%clk 1:31:12]} 3. Nc3 {[%clk 1:28:10]} d5 {[%clk 1:31:34]} 4. Nf3
{[%clk 1:28:31]} Bg7 {[%clk 1:31:59]} 5. cxd5 {[%clk 1:28:53]} Nxd5
{[%clk 1:32:24]} 6. e4 {[%clk 1:29:16]} Nxc3 {[%clk 1:32:48]} 7. bxc3
{[%clk 1:29:41]} c5 {[%clk 1:33:12]} 8. Be3 {[%clk 1:30:06]} Qa5 {[%clk 1:32:43]}
9. Nd2 {[%clk 1:30:26]} cxd4 {[%clk 1:20:30]} 10. Nc4 {[%clk 1:30:12]} Qd8
{[%clk 1:20:00]} 11. cxd4 {[%clk 1:30:29]} O-O {[%clk 1:19:39]} 12. Rb1
{[%clk 1:30:13]} b6 {[%clk 1:17:46]} 13. Be2 {[%clk 1:26:06]} Ba6
{[%clk 1:09:29]} 14. O-O {[%clk 1:20:57]} e6 {[%clk 1:05:56]} 15. Qd2
{[%clk 1:08:38]} Nc6 {[%clk 1:03:33]} 16. d5 {[%clk 1:03:22]} exd5
{[%clk 1:01:55]} 17. exd5 {[%clk 1:01:46]} Bxc4 {[%clk 0:59:55]} 18. Bxc4
{[%clk 1:02:02]} Ne5 {[%clk 1:00:16]} 19. Ba6 {[%clk 0:56:28]} Qd6
{[%clk 0:59:52]} 20. h3 {[%clk 0:56:10]} Rad8 {[%clk 0:56:14]} 21. Rfd1
{[%clk 0:56:02]} Nd7 {[%clk 0:47:17]} 22. Rbc1 {[%clk 0:52:48]} Nf6
{[%clk 0:39:29]} 23. Bc4 {[%clk 0:47:16]} Ne4 {[%clk 0:35:00]} 24. Qd3
{[%clk 0:42:02]} Rfe8 {[%clk 0:26:14]} 25. Bb5 {[%clk 0:33:35]} Re7
{[%clk 0:26:21]} 26. Rc6 {[%clk 0:32:59]} Qe5 {[%clk 0:20:36]} 27. d6
{[%clk 0:19:32]} Red7 {[%clk 0:17:18]} 28. Rc8 {[%clk 0:19:21]} Nxd6
{[%clk 0:12:34]} 29. Bxd7 {[%clk 0:11:23]} Nxc8 {[%clk 0:12:58]} 30. Qc2
{[%clk 0:11:44]} Ne7 {[%clk 0:10:11]} 31. Qa4 {[%clk 0:08:53]} Nf5
{[%clk 0:03:58]} 32. Bg5 {[%clk 0:06:55]} Bf6 {[%clk 0:03:59]} 33. Bf4
{[%clk 0:04:44]} Qc5 {[%clk 0:03:21]} 34. Qxa7 {[%clk 0:02:13]} Nd4
{[%clk 0:01:31]} 35. Be3 {[%clk 0:01:42]} Qd5 {[%clk 0:01:16]} 36. Ba4
{[%clk 0:00:44]} Qxa2 {[%clk 0:00:56]} 37. Rd2 {[%clk 0:00:32]} Nf3+
{[%clk 0:00:37]} 38. gxf3 {[%clk 0:00:44]} Rxd2 {[%clk 0:01:04]} 39. Bxd2
{[%clk 0:00:41]} Qxd2 {[%clk 0:01:29]} 40. Qxb6 {[%clk 0:30:49]} Bd4
{[%clk 0:30:59]} 41. Qb8+ {[%clk 0:28:40]} Kg7 {[%clk 0:31:24]} 42. Qg3
{[%clk 0:28:51]} h5 {[%clk 0:29:15]} 43. Kg2 {[%clk 0:28:22]} Qe1
{[%clk 0:29:11]} 44. Bb3 {[%clk 0:26:09]} Qe5 {[%clk 0:26:14]} 1/2-1/2

[Event "male"]
[Site "?"]
[Date "2016.02.18"]
[Round "8.4"]
[White "Pershin, Denis"]
[Black "Artamonov, Valery"]
[Result "0-1"]
[LiveChessVersion "1.4.2"]
[BlackElo "2292"]
[WhiteElo "2375"]

1. e4 {[%clk 1:27:47]} c5 {[%clk 1:30:12]} 2. Nf3 {[%clk 1:28:11]} Nc6
{[%clk 1:30:38]} 3. Bb5 {[%clk 1:28:36]} g6 {[%clk 1:31:03]} 4. O-O
{[%clk 1:29:02]} Bg7 {[%clk 1:31:28]} 5. Nc3 {[%clk 1:28:06]} Nd4
{[%clk 1:30:45]} 6. Nxd4 {[%clk 1:28:06]} cxd4 {[%clk 1:31:08]} 7. Ne2
{[%clk 1:27:38]} Qc7 {[%clk 1:28:12]} 8. d3 {[%clk 1:25:43]} a6 {[%clk 1:28:28]}
9. Bc4 {[%clk 1:25:43]} d6 {[%clk 1:28:03]} 10. a4 {[%clk 1:24:36]} e6
{[%clk 1:22:05]} 11. b4 {[%clk 1:23:52]} Nf6 {[%clk 1:21:35]} 12. Bb3
{[%clk 1:16:58]} O-O {[%clk 1:20:40]} 13. Bb2 {[%clk 1:16:49]} e5
{[%clk 1:02:11]} 14. c3 {[%clk 1:16:43]} dxc3 {[%clk 1:00:00]} 15. Nxc3
{[%clk 1:16:26]} Bg4 {[%clk 0:59:35]} 16. f3 {[%clk 1:14:10]} Be6
{[%clk 0:59:13]} 17. Bxe6 {[%clk 1:14:15]} fxe6 {[%clk 0:59:42]} 18. Qb3
{[%clk 1:14:44]} Rae8 {[%clk 0:59:53]} 19. b5 {[%clk 1:05:11]} Nh5
{[%clk 0:58:29]} 20. Ne2 {[%clk 1:03:21]} g5 {[%clk 0:48:11]} 21. b6
{[%clk 0:53:48]} Qf7 {[%clk 0:48:14]} 22. Rac1 {[%clk 0:53:44]} Qg6
{[%clk 0:42:45]} 23. g4 {[%clk 0:49:24]} Nf6 {[%clk 0:40:23]} 24. Ba3
{[%clk 0:49:10]} Rf7 {[%clk 0:36:22]} 25. Bxd6 {[%clk 0:49:11]} Nd7
{[%clk 0:36:30]} 26. Rc7 {[%clk 0:48:55]} h5 {[%clk 0:32:42]} 27. h3
{[%clk 0:48:22]} hxg4 {[%clk 0:33:03]} 28. hxg4 {[%clk 0:48:47]} Bf6
{[%clk 0:22:16]} 29. Kg2 {[%clk 0:45:04]} Bd8 {[%clk 0:21:59]} 30. Rc8
{[%clk 0:45:32]} Rh7 {[%clk 0:18:09]} 31. Bc7 {[%clk 0:41:40]} Qh6
{[%clk 0:07:17]} 32. Kf2 {[%clk 0:42:06]} Qf8 {[%clk 0:02:12]} 33. Rxd8
{[%clk 0:41:43]} Rh2+ {[%clk 0:02:29]} 34. Ke3 {[%clk 0:40:47]} Qf4+
{[%clk 0:02:18]} 35. Kd4 0-1

[Event "male"]
[Site "?"]
[Date "2016.02.18"]
[Round "8.5"]
[White "Khakimov, Timur"]
[Black "Emdin, Mark"]
[Result "0-1"]
[LiveChessVersion "1.4.2"]
[BlackElo "2227"]
[WhiteElo "2294"]

1. e4 {[%clk 1:24:54]} e6 {[%clk 1:30:43]} 2. d4 {[%clk 1:25:11]} d5
{[%clk 1:31:02]} 3. exd5 {[%clk 1:25:18]} exd5 {[%clk 1:31:25]} 4. Nf3
{[%clk 1:25:41]} Bd6 {[%clk 1:29:27]} 5. c4 {[%clk 1:21:21]} c6 {[%clk 1:12:15]}
6. Nc3 {[%clk 1:21:28]} Ne7 {[%clk 1:10:54]} 7. Be2 {[%clk 1:21:30]} dxc4
{[%clk 1:10:09]} 8. Bxc4 {[%clk 1:21:31]} O-O {[%clk 1:08:33]} 9. O-O
{[%clk 1:21:51]} Nd7 {[%clk 1:06:08]} 10. Bb3 {[%clk 1:16:36]} Nb6
{[%clk 1:00:22]} 11. Bc2 {[%clk 1:14:12]} Bf5 {[%clk 0:58:56]} 12. Ne4
{[%clk 1:13:30]} Qc7 {[%clk 0:47:50]} 13. h3 {[%clk 1:11:53]} Bf4
{[%clk 0:42:46]} 14. Re1 {[%clk 1:10:40]} Nbd5 {[%clk 0:39:02]} 15. Nh4
{[%clk 1:03:01]} Bxe4 {[%clk 0:32:31]} 16. Rxe4 {[%clk 0:57:59]} Bxc1
{[%clk 0:32:11]} 17. Rxc1 {[%clk 0:58:10]} Nf6 {[%clk 0:32:32]} 18. Re5
{[%clk 0:57:25]} Ng6 {[%clk 0:30:00]} 19. Nxg6 {[%clk 0:57:03]} hxg6
{[%clk 0:30:02]} 20. Bb3 {[%clk 0:52:30]} Rad8 {[%clk 0:24:47]} 21. g3
{[%clk 0:35:30]} Qd7 {[%clk 0:19:07]} 22. Qc2 {[%clk 0:26:12]} Qxd4
{[%clk 0:16:21]} 23. Re7 {[%clk 0:26:11]} Qb4 {[%clk 0:13:22]} 24. Qc5
{[%clk 0:22:59]} Qxc5 {[%clk 0:12:33]} 25. Rxc5 {[%clk 0:23:24]} Rd7
{[%clk 0:12:21]} 26. Rce5 {[%clk 0:23:28]} Rfd8 {[%clk 0:12:10]} 27. Rxd7
{[%clk 0:06:00]} Rxd7 {[%clk 0:12:30]} 28. a4 {[%clk 0:06:20]} Kf8
{[%clk 0:11:21]} 29. Bc4 {[%clk 0:06:25]} Re7 {[%clk 0:08:12]} 30. f4
{[%clk 0:04:28]} Rxe5 {[%clk 0:06:48]} 31. fxe5 {[%clk 0:04:48]} Nd7
{[%clk 0:06:02]} 0-1

[Event "male"]
[Site "?"]
[Date "2016.02.18"]
[Round "8.6"]
[White "Abramov, Nikita"]
[Black "Reshetnikov, Ruslan"]
[Result "1-0"]
[LiveChessVersion "1.4.2"]
[BlackElo "2187"]
[WhiteElo "2238"]

1. e4 {[%clk 1:30:59]} e6 {[%clk 1:30:04]} 2. d4 {[%clk 1:31:20]} d5
{[%clk 1:30:24]} 3. Nd2 {[%clk 1:31:46]} Be7 {[%clk 1:30:34]} 4. e5
{[%clk 1:32:02]} c5 {[%clk 1:30:19]} 5. c3 {[%clk 1:32:27]} Nc6 {[%clk 1:30:20]}
6. Bd3 {[%clk 1:31:07]} Qb6 {[%clk 1:14:54]} 7. Ndf3 {[%clk 1:28:31]} Bd7
{[%clk 1:14:08]} 8. Ne2 {[%clk 1:28:20]} f6 {[%clk 1:09:05]} 9. O-O
{[%clk 1:25:35]} fxe5 {[%clk 1:07:59]} 10. dxe5 {[%clk 1:23:36]} O-O-O
{[%clk 1:07:43]} 11. b4 {[%clk 1:20:04]} Qc7 {[%clk 1:01:49]} 12. bxc5
{[%clk 1:14:36]} Bxc5 {[%clk 0:59:04]} 13. Bf4 {[%clk 1:11:34]} Rf8
{[%clk 0:57:01]} 14. Qd2 {[%clk 1:09:34]} Nge7 {[%clk 0:56:06]} 15. Ned4
{[%clk 1:08:49]} a6 {[%clk 0:55:00]} 16. Bg3 {[%clk 1:04:01]} Nxd4
{[%clk 0:45:56]} 17. cxd4 {[%clk 1:00:57]} Bb6 {[%clk 0:43:11]} 18. Qg5
{[%clk 1:00:01]} Rf7 {[%clk 0:35:56]} 19. Qg4 {[%clk 0:55:33]} h6
{[%clk 0:33:39]} 20. Rac1 {[%clk 0:51:52]} Nc6 {[%clk 0:33:54]} 21. Bg6
{[%clk 0:52:14]} Rff8 {[%clk 0:32:23]} 22. Bh4 {[%clk 0:49:17]} Kb8
{[%clk 0:29:24]} 23. Be7 {[%clk 0:48:07]} Ka7 {[%clk 0:28:09]} 24. h4
{[%clk 0:43:06]} Ra8 {[%clk 0:24:45]} 25. Bd6 {[%clk 0:42:55]} Qc8
{[%clk 0:24:43]} 26. Rc2 {[%clk 0:36:20]} Be8 {[%clk 0:24:05]} 27. Rb1
{[%clk 0:35:05]} Bd7 {[%clk 0:18:41]} 28. Bf7 {[%clk 0:33:46]} Nxe5
{[%clk 0:17:31]} 29. Nxe5 {[%clk 0:29:32]} Qxc2 {[%clk 0:17:48]} 30. Rxb6
{[%clk 0:28:50]} Kxb6 {[%clk 0:15:05]} 31. Nxd7+ {[%clk 0:28:37]} Ka5
{[%clk 0:14:46]} 32. Qxe6 {[%clk 0:28:08]} Qd1+ {[%clk 0:14:40]} 33. Kh2
{[%clk 0:28:16]} Qxd4 {[%clk 0:14:46]} 34. Bc5 {[%clk 0:24:28]} Qxh4+
{[%clk 0:08:55]} 35. Kg1 {[%clk 0:24:57]} b5 {[%clk 0:08:21]} 36. a3
{[%clk 0:24:35]} 1-0

[Event "male"]
[Site "?"]
[Date "2016.02.18"]
[Round "8.7"]
[White "Palchun, Grigory"]
[Black "Vunder, Andrey"]
[Result "1-0"]
[LiveChessVersion "1.4.2"]
[BlackElo "2171"]
[WhiteElo "2332"]

1. e4 {[%clk 1:15:33]} e6 {[%clk 1:30:47]} 2. d4 {[%clk 1:16:00]} d5
{[%clk 1:31:11]} 3. e5 {[%clk 1:16:28]} c5 {[%clk 1:31:32]} 4. c3
{[%clk 1:16:56]} Qb6 {[%clk 1:31:50]} 5. Nf3 {[%clk 1:17:24]} Nc6
{[%clk 1:32:05]} 6. a3 {[%clk 1:17:51]} Nh6 {[%clk 1:32:20]} 7. b4
{[%clk 1:18:13]} cxd4 {[%clk 1:32:38]} 8. cxd4 {[%clk 1:18:39]} Nf5
{[%clk 1:32:54]} 9. Bb2 {[%clk 1:19:07]} Bd7 {[%clk 1:33:07]} 10. g4
{[%clk 1:19:31]} Nfe7 {[%clk 1:33:28]} 11. Qd2 {[%clk 1:19:20]} h5
{[%clk 1:27:19]} 12. g5 {[%clk 1:18:17]} Nf5 {[%clk 1:27:18]} 13. Bh3
{[%clk 1:18:30]} g6 {[%clk 1:23:34]} 14. Bxf5 {[%clk 1:17:55]} gxf5
{[%clk 1:22:53]} 15. Nc3 {[%clk 1:17:27]} Ne7 {[%clk 1:23:09]} 16. O-O
{[%clk 1:11:15]} Ng6 {[%clk 1:22:30]} 17. h4 {[%clk 1:07:14]} Be7
{[%clk 1:22:05]} 18. Kh2 {[%clk 1:07:24]} Kf8 {[%clk 1:20:57]} 19. Rfc1
{[%clk 1:06:56]} Kg7 {[%clk 1:18:45]} 20. Ne2 {[%clk 1:06:22]} Bb5
{[%clk 1:17:57]} 21. Nf4 {[%clk 1:05:50]} Nxf4 {[%clk 1:16:31]} 22. Qxf4
{[%clk 1:06:11]} Kg6 {[%clk 1:16:21]} 23. Ng1 {[%clk 1:04:40]} Bc4
{[%clk 1:05:12]} 24. Bc3 {[%clk 1:03:38]} Rag8 {[%clk 1:01:18]} 25. Nh3
{[%clk 1:01:39]} Qd8 {[%clk 1:00:30]} 26. Qf3 {[%clk 1:00:58]} Kg7
{[%clk 1:00:41]} 27. Nf4 {[%clk 0:58:13]} Kf8 {[%clk 0:54:56]} 28. Rg1
{[%clk 0:56:04]} Ke8 {[%clk 0:52:53]} 29. Bd2 {[%clk 0:56:05]} Kd7
{[%clk 0:49:40]} 30. Rg3 {[%clk 0:53:51]} Rg7 {[%clk 0:48:49]} 31. Rh1
{[%clk 0:51:42]} Qg8 {[%clk 0:45:50]} 32. Kg1 {[%clk 0:50:45]} Qh7
{[%clk 0:45:45]} 33. Rh2 {[%clk 0:51:05]} Rgg8 {[%clk 0:42:31]} 34. Rhg2
{[%clk 0:50:13]} Rg7 {[%clk 0:40:30]} 35. Kh2 {[%clk 0:48:17]} Qg8
{[%clk 0:38:05]} 36. Kg1 {[%clk 0:47:53]} Qh7 {[%clk 0:38:28]} 37. Kh1
{[%clk 0:48:13]} Bf1 {[%clk 0:33:48]} 38. Rg1 {[%clk 0:48:04]} Bc4
{[%clk 0:34:13]} 39. g6 {[%clk 0:32:14]} fxg6 {[%clk 0:34:35]} 40. Rxg6
{[%clk 1:02:38]} Rhg8 {[%clk 0:49:20]} 41. Rxg7 {[%clk 1:02:30]} Rxg7
{[%clk 0:49:42]} 42. Rxg7 {[%clk 1:02:51]} Qxg7 {[%clk 0:50:08]} 43. Qxh5
{[%clk 1:03:12]} Qg4 {[%clk 0:49:56]} 44. Qxg4 {[%clk 1:03:33]} fxg4
{[%clk 0:50:24]} 45. Ng2 {[%clk 1:03:19]} Be2 {[%clk 0:50:11]} 46. Kh2
{[%clk 1:01:47]} Bf3 {[%clk 0:47:19]} 47. Bg5 {[%clk 1:00:57]} Bf8
{[%clk 0:47:42]} 48. Kg3 {[%clk 1:00:51]} a5 {[%clk 0:47:48]} 49. Bd2
{[%clk 0:59:09]} axb4 {[%clk 0:47:55]} 50. axb4 {[%clk 0:59:29]} Kc6
{[%clk 0:47:56]} 51. h5 {[%clk 0:42:28]} Kb5 {[%clk 0:46:04]} 52. Nh4
{[%clk 0:42:51]} Be4 {[%clk 0:43:37]} 53. Ng6 {[%clk 0:43:08]} Bxg6
{[%clk 0:40:15]} 54. hxg6 {[%clk 0:43:26]} Kc4 {[%clk 0:40:39]} 55. Be3
{[%clk 0:42:27]} Kxb4 {[%clk 0:40:58]} 56. Kxg4 {[%clk 0:42:52]} Kc3
{[%clk 0:41:12]} 57. Kh5 {[%clk 0:40:27]} Bg7 {[%clk 0:39:47]} 58. f4
{[%clk 0:40:43]} Kd3 {[%clk 0:39:48]} 59. f5 {[%clk 0:40:56]} exf5
{[%clk 0:39:22]} 60. e6 {[%clk 0:41:19]} Bf8 {[%clk 0:38:46]} 61. Bh6
{[%clk 0:40:56]} 1-0

[Event "male"]
[Site "?"]
[Date "2016.02.18"]
[Round "8.8"]
[White "Sichinava, Zviad"]
[Black "Goldobin, Mikhail"]
[Result "0-1"]
[LiveChessVersion "1.4.2"]
[BlackElo "2172"]
[WhiteElo "2313"]

1. d4 {[%clk 1:24:29]} Nf6 {[%clk 1:30:54]} 2. c4 {[%clk 1:24:15]} c6
{[%clk 1:30:28]} 3. Nf3 {[%clk 1:24:08]} d5 {[%clk 1:30:54]} 4. Nc3
{[%clk 1:24:03]} e6 {[%clk 1:30:29]} 5. g3 {[%clk 1:24:25]} Nbd7 {[%clk 1:28:35]}
6. Bg2 {[%clk 1:24:48]} dxc4 {[%clk 1:26:03]} 7. a4 {[%clk 1:25:09]} Bb4
{[%clk 1:24:54]} 8. O-O {[%clk 1:25:32]} O-O {[%clk 1:24:10]} 9. Qc2
{[%clk 1:21:54]} c5 {[%clk 1:03:09]} 10. Rd1 {[%clk 1:21:38]} Qa5
{[%clk 0:55:06]} 11. Nb5 {[%clk 1:13:23]} cxd4 {[%clk 0:44:59]} 12. Nfxd4
{[%clk 1:11:25]} a6 {[%clk 0:42:32]} 13. Na3 {[%clk 1:11:29]} Bxa3
{[%clk 0:37:23]} 14. Rxa3 {[%clk 1:11:54]} Nb6 {[%clk 0:35:41]} 15. e4
{[%clk 1:08:03]} e5 {[%clk 0:31:18]} 16. Nf5 {[%clk 1:08:24]} Bxf5
{[%clk 0:24:40]} 17. exf5 {[%clk 1:08:45]} Rad8 {[%clk 0:18:33]} 18. Rxd8
{[%clk 1:04:17]} Qe1+ {[%clk 0:17:15]} 19. Bf1 {[%clk 1:04:39]} Rxd8
{[%clk 0:17:45]} 20. Re3 {[%clk 1:03:18]} Qd1 {[%clk 0:17:48]} 21. Re2
{[%clk 1:02:54]} c3 {[%clk 0:10:27]} 22. Qxc3 {[%clk 0:59:41]} Nxa4
{[%clk 0:05:26]} 23. Qe3 {[%clk 0:49:04]} h6 {[%clk 0:02:35]} 24. h3
{[%clk 0:41:38]} e4 {[%clk 0:01:07]} 25. Re1 Qc2 26. b3 {[%clk 0:33:29]} Nc3
{[%clk 0:01:41]} 27. Qb6 {[%clk 0:32:20]} Rd1 {[%clk 0:01:11]} 28. Rxd1
{[%clk 0:32:42]} Nxd1 {[%clk 0:01:10]} 29. Be3 {[%clk 0:30:55]} Nxe3
{[%clk 0:01:31]} 30. Qxe3 {[%clk 0:31:21]} b5 {[%clk 0:01:15]} 31. g4
{[%clk 0:31:40]} Nd5 {[%clk 0:00:39]} 32. Qg3 {[%clk 0:28:26]} e3
{[%clk 0:00:47]} 33. fxe3 {[%clk 0:26:18]} Qxb3 {[%clk 0:01:16]} 34. Kf2
{[%clk 0:25:35]} Qc2+ {[%clk 0:01:45]} 35. Kf3 {[%clk 0:25:47]} Qd1+
{[%clk 0:01:21]} 36. Be2 {[%clk 0:26:09]} Qh1+ {[%clk 0:01:44]} 37. Kf2
{[%clk 0:26:30]} Nc3 {[%clk 0:01:11]} 38. Qb8+ {[%clk 0:25:38]} Kh7
{[%clk 0:01:39]} 39. Bd3 {[%clk 0:26:00]} Nd1+ {[%clk 0:01:21]} 40. Ke2
{[%clk 0:56:08]} Nc3+ {[%clk 0:31:50]} 41. Kd2 {[%clk 0:56:28]} Ne4+
{[%clk 0:30:16]} 42. Kc2 {[%clk 0:56:52]} Qg2+ {[%clk 0:29:56]} 43. Kb3
{[%clk 0:57:15]} Nc5+ {[%clk 0:30:06]} 44. Kc3 {[%clk 0:57:32]} Nxd3
{[%clk 0:30:18]} 45. Kc2 Qe4 0-1